| 000 | 00527nam a22001697a 4500 | ||
|---|---|---|---|
| 003 | NUST | ||
| 038 | _aNusrat Nadeem | ||
| 082 | _a200 | ||
| 100 |
_aBatool, Uzma _9127714 |
||
| 245 |
_aExploring Paradoxical Leadership in Firms: An Evidence from Pakistan _cUzma Batool, |
||
| 264 |
_aIslamabad; _bNBS NUST; _c2024. |
||
| 300 | _a226 | ||
| 650 |
_aPhD-Business Administration _9123754 |
||
| 700 |
_aSupervisor: Dr. Naukhez Sarwar _9123755 |
||
| 856 | _uhttp://10.250.8.41:8080/xmlui/handle/123456789/49147 | ||
| 942 |
_2ddc _cSC |
||
| 999 |
_c612756 _d612756 |
||